00416nam a2200109Ia 4500008004100000100002100041245009400062260004400156300001800200650001900218856006900237160712s9999 xx 000 0 und d aAcaba, Jeffry P. cJeffry P. AcabaaMeanings, Preferences, and Power among Men Having Sex with Men in Manila c2013bPhilippine Social Sciences Review avol. 65 no. 2 xSOCIAL SCIENCE uhttp://journals.upd.edu.ph/index.php/pssr/issue/view/444/showToc